Biblioteca

Los jóvenes tienen sus necesidades, conózcalas (Registro nro. 60152)

Detalles MARC
000 -LÍDER
Campo fijo de descripción fija 00810aab a2200205 4500
001 - NÚMERO DE CONTROL
Campo de control 768714001
003 - IDENTIFICADOR DEL NÚMERO DE CONTROL
Campo de control CO-MdFUSB
005 - FECHA Y HORA DE LA ULTIMA TRANSACCIÓN
control field 20240614122219.0
008 - ELEMENTOS DE LONGITUD FIJA -- INFORMACIÓN GENERAL
Campo fijo de descripción fija -- Información general 170524s2000 cr ||||| |||| 00| 0 spa d
022 ## - NÚMERO INTERNACIONAL NORMALIZADO PARA PUBLICACIONES SERIADAS
Número Internacional Normalizado para Publicaciones Seriadas 1409-1968
040 ## - FUENTE DE CATALOGACIÓN
Agencia Catalogadora CO-MdFUSB
Idioma de catalogación spa
Agencia que realiza la transcripción CO-MdFUSB
Agencia que realiza la modificación CO-MdFUSB
041 ## - CÓDIGO DE IDIOMA
Código de idioma para texto/pista de sonido o título separado spa
100 1# - ASIENTO PRINCIPAL--NOMBRE PERSONAL
Nombre personal Ortiz, Félix
Término relacionador autor
245 14 - TÍTULO
Título Los jóvenes tienen sus necesidades, conózcalas
Mención de responsabilidad / Félix Ortiz
520 ## - NOTA DE RESUMEN, ETC.
Nota de sumario, etc. El joven una persona compleja -- Cuáles son las necesidades de los jóvenes? -- Cómo descubrir las necesidades -- Hay algunos pasos prácticos que pueden ayudarnos en esté proceso -- Conocer la cultura juvenil.
650 #0 - ASIENTO SECUNDARIO DE MATERIA - TERMINO TEMÁTICO
Término temático o nombre geográfico como elemento de entrada Jóvenes
9 (RLIN) 1879
773 0# - ASIENTO DE ITEM FUENTE
Título Apuntes Pastorales
Biblionumber 49442
Itemnumber 60163
Parte(s) relacionada(s) / Volumen., número. (mes año), páginas Volumen 18, número 1 (2000), páginas 26-32
Enumeración y primera página Página 26
942 ## - TIPO DE MATERIAL (KOHA)
Tipo de Item KOHA Artículos de Revista
945 ## - INFORMACIÓN LOCAL DEL REGISTRO
Catalogador JTF-925

No hay ítems disponibles.

Biblioteca FUSBC | Teléfono: (57+4) 349 88 10 Ext. 141| WhatsApp (+57) 3005338115 
E-mail: biblioteca@unisbc.edu.co | Calle 76 87-14 Robledo Palenque, Medellín, Colombia

Con tecnología Koha